All Countries starting with a S - Statistics

General Stats
  • This quiz has been taken 28 times
  • The average score is 21 of 27
Answer Stats
Answer % Correct
Swaziland
96%
Saint Lucia
88%
Somalia
88%
South Africa
88%
Spain
88%
Sweden
88%
Saint Kitts and Nevis
85%
Sudan
85%
Suriname
85%
Serbia
81%
Slovakia
81%
Slovenia
81%
South Korea
81%
South Sudan
81%
Syria
81%
Samoa
77%
Switzerland
77%
Seychelles
73%
Saint Vincent and the Grenadines
69%
San Marino
69%
Sao Tome and Principe
69%
Singapore
69%
Saudi Arabia
65%
Senegal
65%
Sri Lanka
65%
Solomon Islands
62%
Sierra Leone
58%
No matching quizzes found
Score Distribution
Percent of People with Each Score
Percentile by Number Answered
Your Score History
You have not taken this quiz